00843cam a22002657a 450000500170000000800410001701000100005801100100006803500100007808200150008810000340010324500610013726000410019830000110023950000120025059000410026259000410030359000410034459000420038565000420042765000290046990100070049894900550050599900170056020220329141223.0971010s1970 r 00010 d a64610 a65582 a72607 a635.65bB800aBuesa Oliver, Lourdes.91598813aLa judiab: economía, producción, comercialización aZaragoza, España :bAcribia,c1970 a134 p. aD98-132 aBATCH-UPDb10c20130110lUCH01h1650 aBATCH-UPDb10c20130410lUCH01h1039 aBATCH-UPDb10c20130914lUCH01h1438 aCONVERSIONb10c20130109lUCH01h133514aFrijolxAspectos económicos.94332814aFrijolxMercadeo.943406 aBK a635.65 B8bZAcLIBROd-5319eLIBROh5122i72607si c64610d64610